000 00390nam a2200145Ia 4500
008 150201s2002 xx 000 0 und d
082 _a611
_bH2002
100 _aHALIM,A.
245 _aHUMAN ANATOMY : ABDOMEN & LOWER LIMB
250 _a1ST
260 _bMODERN PUBLISHERS
_aGULAB BHAWAN BAHDUR SHAH JAFAR MARG (NEW DELHI)
_c2002
300 _a1-247
650 _aANATOMY
942 _2ddc
_cBK
999 _c2622
_d2622